LEADER 01294nam a2200205 i 4500 001 000000004749 003 CaOOAMICUS 005 20251125144038.0 008 180830s1830 fr u000 u fre u 040 $aSeMil$bita 100 1 $aBonald, Louis : de,$d<1754-1840>.$0(OLS)http://semarc/name/2864 245 10$aOeuvres de M. de Bonald. 260 $aParis :$bLibrairie d'Adrien Le Clere et C.,$c1830. 300 $av. ;$c8°. 774 0 $aBonald, Louis : de <1754-1840>$tDémonstration philosophique du principe constitutif de la société, suivie de Méditations politiques tirées de l'Évangile; par M. le vicomte de Bonald, ..$dParis : Librarie d'Ad. Le Clere et C., 1830.$g12$w()60452 774 0 $aBonald, Louis : de <1754-1840>$tRecherches philosophiques sur les premiers objets des connaissances morales.$b3. Ed.$dParis : Librairie d'Adrien Le Clere et C., 1838.$g8-9$w()18363 774 0 $aBonald, Louis : de <1754-1840>$tThéorie du pouvoir politique et religieux dans la societé civile démontrée par le raisonnement et par l'histoire.$dParis : Le Clere et C., 1843.$g12-13$w()28718 996 $6245$aOeuvres de M. de Bonald$9(OLS)http://semarc/title/6872 996 $6260$aParis :$bLibrairie d'Adrien Le Clere et C.$9(OLS)http://semarc/publisher/31345 LEADER 01298nam a2200229 i 4500 001 000000208609 003 CaOOAMICUS 005 20250819135847.0 008 111124s1875 fr u000 u fre u 013 $a187397 026 $a1.s, e,E. i,e. AqDa (3) 1785 (A) 040 $aSeMil$bita 100 1 $aCrébillon, Prosper Jolyot : de,$d<1674-1762>.$0(OLS)http://semarc/name/11479 245 10$aTome 2. Rhadamisthe & Zénobie, tragédie ; Xerxès, tragédie ; Sémiramis, tragédie ; Pyrrhus, tragédie. 300 $a[4], 375, [1] p., [4] carte di tav. :$bill. 500 $aLe carte di tav. contengono ill. calcogr. disegnate da C.P. Marillier e incise da Jean Dambrun, Charles F. Macret, Philippe Triere, Charles Eugene Duponchel 500 $aSegn.: pg2 A-Z8 2A4 773 0 $aCrébillon, Prosper Jolyot : de <1674-1762>$tOeuvres complettes de Crébillon. Tome 1. [-3.].$bNouvelle édition, augmentée et ornée de belles gravures$dParis : chez les Librairies associés, 1785$g2$w()25845 850 $aSeMil 852 $aSeMil$W1$xVenegono$y1$m1V III 25 FA$j159063$B159063$CSeMilBibl$Z2$F170150 $8I 996 $6245$aTome 2. Rhadamisthe & Zénobie, tragédie ; Xerxès, tragédie ; Sémiramis, tragédie ; Pyrrhus, tragédie$9(OLS)http://semarc/title/455287